| 000 | 01038nam a2200277Ia 4500 | ||
|---|---|---|---|
| 005 | 20220317001552.0 | ||
| 008 | 161108s2011 c a g 000 j s | ||
| 020 | _a9789588296326 | ||
| 100 | 1 |
_aVaccarini, Franco _d1963- |
|
| 245 | 1 | 4 |
_aLas mil y una noches _bhistoria del ciego en el puente _c[versión Franco Vaccarini ; ilustraciones Pablo de bella] |
| 250 | _aPrimera edición | ||
| 300 |
_a[32] páginas _bilustraciones a color _c28 cm |
||
| 500 | _aMención de responsabilidad tomada de preliminares | ||
| 650 | 1 | 4 |
_2LEMB _aCuentos infantiles argentinos _ySiglo XX |
| 650 | 1 | 4 |
_2LEMB _aLiteratura infantil argentina _ySiglo XX |
| 650 | 1 | 4 |
_2LEMB _aAventuras en la literatura |
| 650 | 1 | 4 |
_2LEMB _aCodicia en la literatura |
| 700 | 1 |
_aBella, Pablo de _eilustrador _969304 |
|
| 942 |
_2loc _cBKINF |
||
| 264 |
_aBogotá _bCangrejo _bGato Azul _c2011 |
||
| 336 |
_atexto _btxt _2rdacontent |
||
| 337 |
_asin mediación _bn _2rdamedia |
||
| 338 |
_avolumen _bnc _2rdacarrier |
||
| 040 |
_aCO-BoRNBP _bspa _erda _cCO-BoRNBP |
||
| 084 | _aC VAC1 | ||
| 999 |
_c7396 _d7396 |
||